Statystyki dla Pełne nazwy gier po ich skrótach

Kliknij tutaj aby rozwiązać quiz!

Ogólne statystyki

  • Ten quiz został rozwiązany 179 razy
    (146 od ostatniego zresetowania)
  • Średni wynik to 8 z 14

Statystyki odpowiedzi

HintOdpowiedź% Poprawnych
MCMinecraft
90%
CODCall of Duty
89%
CS:GOCounter Strike Global Offensive
89%
NFSNeed For Speed
76%
WOTWorld of Tanks
73%
BF VBattlefield V
72%
PvZPlants vs Zombies
59%
ETS2Euro Truck Simulator 2
57%
7DTD7 Days to Die
49%
HOI4Hearts of Iron 4
44%
EU IVEuropa Universalis IV
43%
TABSTotally Accurate Battle Simulator
22%
DDLCDoki Doki Literature Club
18%
JWEJurassic World Evolution
7%

Rozkład punktacji

Percentyl według liczby udzielonych odpowiedzi

Procent ludzi z każdym wynikiem

Twoja historia wyników

Nie rozwiązałeś tego quizu od ostatniego zresetowania